Xây dựng và chuẩn hóa kỹ thuật Real-Time PCR phát hiện vi khuẩn Vibrio Cholerae tại phòng xét nghiệm : Luận văn Thạc sĩ Khoa học. Chuyên ngành: Công nghệ sinh học

Xây dựng và chuẩn hóa được kỹ thuật real-time PCR phát hiện vi khuẩn tả với độ nhạy và độ chính xác cao. Áp dụng kỹ thuật real-time phát hiện vi khuẩn tả tại phòng xét nghiệm của Trung tâm Y tế Dự phòng Tiền Giang nhằm khẳng định ngay từ c...

Ausführliche Beschreibung

Gespeichert in:
Bibliographische Detailangaben
1. Verfasser: Võ, Thanh Bình
Format: Buch
Sprache:Undetermined
Veröffentlicht: Cần Thơ Đại học Cần Thơ 2011
Schlagworte:
Tags: Tag hinzufügen
Keine Tags, Fügen Sie den ersten Tag hinzu!
Thư viện lưu trữ: Trung tâm Học liệu Trường Đại học Cần Thơ
LEADER 01440nam a2200217Ia 4500
001 CTU_170788
008 210402s9999 xx 000 0 und d
082 |a 579.325 
082 |b B312 
088 |a 60420201 
100 |a Võ, Thanh Bình 
245 0 |a Xây dựng và chuẩn hóa kỹ thuật Real-Time PCR phát hiện vi khuẩn Vibrio Cholerae tại phòng xét nghiệm : 
245 0 |b Luận văn Thạc sĩ Khoa học. Chuyên ngành: Công nghệ sinh học 
245 0 |c Võ Thanh Bình ; Phạm Hùng Vân, Trần Nhân Dũng (Người hướng dẫn Khoa học) 
260 |a Cần Thơ 
260 |b Đại học Cần Thơ 
260 |c 2011 
520 |a Xây dựng và chuẩn hóa được kỹ thuật real-time PCR phát hiện vi khuẩn tả với độ nhạy và độ chính xác cao. Áp dụng kỹ thuật real-time phát hiện vi khuẩn tả tại phòng xét nghiệm của Trung tâm Y tế Dự phòng Tiền Giang nhằm khẳng định ngay từ ca tả đầu tiên, phục vụ kịp thời, nhanh chóng nhất cho các công tác phòng chống dịch tại địa phương. 
650 |a Biochemistry,Microbiology,Vibrio cholerae,Hóa sinh học,Vi trùng học,Vi khuẩn Vibrio cholerae 
904 |i Năm 
980 |a Trung tâm Học liệu Trường Đại học Cần Thơ